00651 2200193 4500001002100000005001500021035002000036245014500056100002200201250002000223300004300243856002200286700005600308260003700364082001100401084001700412020001800429600001000447INLIS00000000114804920260330090643 a0010-03260005601 aMISTERI BANGUN PAGI :bSemakin Pagi Semakin Banyak Rezeki /cPenulis: Mukhlisin Purnomo, Editor: Qoni, Desain Cover: Aulia (r), Layout: Bimo0 aMukhlisin Purnomo aCetakan Pertama a191 halaman :b- ;c14 x 20 cmeKertas aPerpustakaan Umum0 aEditor: Qoni, Desain Cover: Aulia (r), Layout: Bimo aYogyakarta :bQudsi Media,c2017 a297.14 a297.14 MUK m a9789791149396 4aAGAMA